Elements of computer algebra with applications

Αποθηκεύτηκε σε:
Λεπτομέρειες βιβλιογραφικής εγγραφής
Κύριος συγγραφέας: Ακρίτας, Αλκιβιάδης, 1949-
Μορφή: Βιβλίο
Γλώσσα:English
Δημοσίευση: New York : Wiley, c1989.
Θέματα:
Ετικέτες: Προσθήκη ετικέτας
Δεν υπάρχουν, Καταχωρήστε ετικέτα πρώτοι!

MARC

LEADER 00000cam a2200000 i 4500
001 1/35267
008 941103s1989 gr | ||| |||| ||eng||
020 |a 0471611638 
035 |l 10039899 
035 |a 1990  |c ΣΕΙΜΕΝΗΣ 
040 |a GR-MyUA  |b gre  |e AACR2 
041 0 |a eng 
082 0 |a 512.00285 
100 1 |a Ακρίτας, Αλκιβιάδης,   |d 1949- 
245 1 0 |a Elements of computer algebra with applications /   |c Alkiviadis G. Akritas.  
260 |a New York :   |b Wiley,   |c c1989.  
300 |a xv, 425 σ. :   |b εικ. ;   |c 25 εκ.  
500 |a "A Wiley-Interscience publication." 
504 |a Περιέχει βιβλιογραφικές αναφορές και ευρετήριο.  
650 0 0 |a Algebra  |x Data processing. 
852 |a INST  |b SAMOS  |e 19941103  |h 512.00285 AKR  |p 005300003949  |q 005300003949  |t BK  |y 0 
909 |a Σ  |b 018317